000 00349nam a2200145Ia 4500
008 230917s9999||||xx |||||||||||||| ||und||
040 _e111895
_aMAIN
041 _aEnglish
082 _a181.4 S82R
100 _aSatbir Singh
245 0 _aRamanuj darshan mein padarth nirupan
260 _aRohtak
_bM.D.U
_c2004
300 _a89 p.
942 _cBK
999 _c124485
_d124485